The experimental foundations of particle physics / (Record no. 13627)

MARC details
000 -LEADER
fixed length control field 01349pam a2200325 i 4500
001 - CONTROL NUMBER
control field 15948747
003 - CONTROL NUMBER IDENTIFIER
control field EG-ScBUE
005 - DATE AND TIME OF LATEST TRANSACTION
control field 20250618082744.0
008 - FIXED-LENGTH DATA ELEMENTS--GENERAL INFORMATION
fixed length control field 091016s2009 enka f b 001 0 eng d
020 ## - INTERNATIONAL STANDARD BOOK NUMBER
International Standard Book Number 9780521521475
040 ## - CATALOGING SOURCE
Original cataloging agency DLC
Language of cataloging eng
Description conventions rda
Transcribing agency DLC
Modifying agency DLC
-- EG-ScBUE
082 04 - DEWEY DECIMAL CLASSIFICATION NUMBER
Edition number 22
Classification number 539.72
Item number CAH
100 1# - MAIN ENTRY--PERSONAL NAME
Personal name Cahn, Robert N.,
Relator term author.
9 (RLIN) 12449
245 14 - TITLE STATEMENT
Title The experimental foundations of particle physics /
Statement of responsibility, etc Robert N. Cahn and Gerson Goldhaber.
250 ## - EDITION STATEMENT
Edition statement Second edition.
264 #1 - PUBLICATION, DISTRIBUTION, ETC. (IMPRINT)
Place of publication, distribution, etc Cambridge ;
-- New York :
Name of publisher, distributor, etc Cambridge University Press,
Date of publication, distribution, etc 2009.
300 ## - PHYSICAL DESCRIPTION
Extent xii, 553 pages :
Other physical details illustrations ;
Dimensions 27 cm
336 ## - CONTENT TYPE
Source rdacontent
Content type term text
Content type code txt
337 ## - MEDIA TYPE
Media type term unmediated
Source rdamedia
Media type code n
338 ## - CARRIER TYPE
Carrier type term volume
Carrier type code nc
Source rdacarrier
504 ## - BIBLIOGRAPHY, ETC. NOTE
Bibliography, etc Includes bibliographical references and index.
650 #7 - SUBJECT ADDED ENTRY--TOPICAL TERM
Topical term or geographic name as entry element Particles (Nuclear physics)
Source of heading or term BUEsh
9 (RLIN) 12450
655 ## - INDEX TERM--GENRE/FORM
Form subdivision Reading book
700 1# - ADDED ENTRY--PERSONAL NAME
Personal name Goldhaber, Gerson,
Relator term author.
9 (RLIN) 12451
856 42 - ELECTRONIC LOCATION AND ACCESS
Materials specified Contributor biographical information
Uniform Resource Identifier <a href="http://www.loc.gov/catdir/enhancements/fy1001/2009497208-b.html">http://www.loc.gov/catdir/enhancements/fy1001/2009497208-b.html</a>
856 42 - ELECTRONIC LOCATION AND ACCESS
Materials specified Publisher description
Uniform Resource Identifier <a href="http://www.loc.gov/catdir/enhancements/fy1001/2009497208-d.html">http://www.loc.gov/catdir/enhancements/fy1001/2009497208-d.html</a>
856 41 - ELECTRONIC LOCATION AND ACCESS
Materials specified Table of contents only
Uniform Resource Identifier <a href="http://www.loc.gov/catdir/enhancements/fy1001/2009497208-t.html">http://www.loc.gov/catdir/enhancements/fy1001/2009497208-t.html</a>
942 ## - ADDED ENTRY ELEMENTS (KOHA)
Source of classification or shelving scheme Dewey Decimal Classification
Koha item type Book - Borrowing
Holdings
Withdrawn status Lost status Source of classification or shelving scheme Damaged status Not for loan Collection code Home library Current library Shelving location Date acquired Source of acquisition Cost, normal purchase price Serial Enumeration / chronology Total Checkouts Full call number Barcode Date last seen Date checked out Koha item type
    Dewey Decimal Classification     Alahram Central Library Central Library First floor 10/03/2010 Purchase 440.00 38 1 539.72 CAH 000019847 15/07/2025 29/05/2012 Book - Borrowing